[Event "Tan Chin Nam Cup 4th"]
[Site "Beijing"]
[Date "1998.06.10"]
[Round "3"]
[White "Zhang, Zhong"]
[Black "Tong, Yuanming"]
[Result "1-0"]
[WhiteElo "2530"]
[BlackElo "2505"]
[Annotator "Petursson,M"]
[PlyCount "75"]
[EventDate "1998.06.08"]
[EventType "tourn"]
[EventRounds "11"]
[EventCountry "CHN"]
[EventCategory "12"]
[SourceTitle "CBM 066"]
[Source "ChessBase"]
[SourceDate "1998.09.30"]
[SourceVersion "1"]
[SourceVersionDate "1998.09.30"]
[SourceQuality "1"]

1. e4 e6 2. d3 c5 3. Nf3 Nc6 4. g3 g6 5. Bg5 Qc7 6. Bg2 Bg7 7. c3 Nf6 8. O-O h6
9. Be3 d6 10. Na3 O-O 11. h3 Qe7 12. Qd2 Kh7 13. g4 e5 14. Nh2 g5 15. Rfe1 Rd8
16. Nf1 Rb8 17. Ng3 b5 18. Nc2 d5 19. exd5 Nxd5 20. Qe2 Be6 21. Be4+ Kg8 22.
Qf3 Qd6 23. Nh5 b4 24. c4 Nde7 25. h4 gxh4 26. Kg2 Bd7 27. Rh1 Ng6 28. Rag1
Nce7 29. Nxg7 Kxg7 30. Bxh6+ $2 {An incorrect sacrice, but fortune favours the
brave!} Kxh6 31. Qxf7 Bxg4 $1 32. Kf1 (32. Ne3 $5 Bh5 (32... Be6 $1 33. Qf3 (
33. Qf6 Bh3+ $19) 33... Rf8 34. Qg3 Rh8 35. Kf1 Kg7 $19) 33. Kf1 Rf8 34. Rxg6+
Qxg6 35. Qxe7 Rxf2+ 36. Ke1 Re2+ 37. Kf1 Rf2+) 32... Qe6 $4 (32... Rf8 33.
Rxh4+ Nxh4 34. Qh7+ Kg5 35. Ne3 Rf4 $19) {[%tqu "En","Can you find the winning
move for White?","You have to find a decisive continuation. Its no use trading
queens.","Sacrifice your rook with check!","h1h4","",10]} 33. Rxh4+ $1 Nxh4 34.
Qh7+ Kg5 35. Ne3 $18 Rh8 (35... Neg6 36. Nxg4 Qxg4 37. Rxg4+ Kxg4 38. Bxg6 $18)
36. Rxg4+ Qxg4 37. Qxe7+ Kh5 38. Qf7+ 1-0

[Event "Olomouc After GP Mladi"]
[Site "Olomouc"]
[Date "1997.??.??"]
[Round "7"]
[White "Biolek, Richard"]
[Black "Oral, Tomas"]
[Result "0-1"]
[WhiteElo "2410"]
[BlackElo "2435"]
[Annotator "Petursson,M"]
[PlyCount "66"]
[EventDate "1997.08.05"]
[EventType "tourn"]
[EventRounds "11"]
[EventCountry "CZE"]
[EventCategory "10"]
[SourceTitle "CBM 061"]
[Source "ChessBase"]
[SourceDate "1997.11.23"]
[SourceVersion "1"]
[SourceVersionDate "1997.11.23"]
[SourceQuality "1"]

1. e4 c5 2. Nf3 Nc6 3. Bb5 e6 4. Bxc6 bxc6 5. d3 Ne7 6. b3 (6. Nbd2 Ng6 7. h4
h5 8. Nc4 d6 9. Bd2 e5 10. Ne3 Nf4 11. g3 Ne6 12. Ng5 f6 13. Nxe6 Bxe6 14. c4
g6 15. Qc2 a5 16. O-O-O Rh7 17. Kb1 a4 18. f4 Rb7 19. Bc3 Bh6 20. Rhf1 Ra6 21.
Ka1 Raa7 22. Rf2 Kd7 23. Qe2 Kc8 24. Rdf1 Qg8 25. Rf3 a3 26. b3 Bh3 27. Rh1 Be6
28. Rff1 Re7 29. Kb1 Rab7 30. Kc2 Bf7 31. Rhg1 Qe8 32. fxe5 fxe5 33. g4 hxg4
34. Nxg4 Bf4 35. Bd2 Qh8 36. Bc3 Qh5 37. Qf2 Be6 38. Nf6 Qh6 39. Bd2 Bxd2 40.
Qxd2 Qxd2+ {Anand,V-Christiansen,L/Monaco rapid 1993/EXP 34/1-0 (61)}) (6. Nh4
Ng6 7. Nxg6 hxg6 8. Qe2 e5 9. c4 d6 10. Nc3 Be7 11. Be3 Bg5 12. O-O-O Bxe3+ 13.
Qxe3 g5 14. f3 Qf6 15. h3 Qf4 16. Rhe1 Be6 17. Kc2 Qxe3 18. Rxe3 Ke7 19. a3
Rab8 20. Rb1 a5 21. Ree1 Rb7 22. b3 g6 23. Nd1 f5 24. Ne3 Kf6 25. Rec1 Rhb8 26.
Rb2 Rd8 {1/2-1/2 Bologan,V-Sveshnikov,E/Moscow2 1995/CBM 47}) 6... Ng6 7. h3 (
7. Bb2 f6 8. e5 (8. h4 Bd6 9. h5 Ne5 10. h6 g6 11. Nxe5 Bxe5 12. Bxe5 fxe5 13.
Qf3 g5 14. Nd2 Rf8 15. Qh3 {1/2-1/2 Yurieva,A-Ymanskaya,I/Moscow op Russian
Winter 1991/TD 91\03}) 8... Be7 9. Nbd2 O-O 10. O-O fxe5 11. Nxe5 Nxe5 12. Bxe5
d6 13. Bg3 e5 14. Qe2 Bg5 15. Ne4 Bh6 16. f3 a5 17. a4 Ra7 18. Bf2 Raf7 19. Be3
Bxe3+ 20. Qxe3 h6 21. Rae1 Be6 {Spassky,B-Gulko,B/Linares 1990/CBM 17/1/2-1/2 
(38)}) 7... Be7 8. Bb2 O-O 9. O-O Qc7 10. Nbd2 e5 11. c3 Ba6 12. Qc2 Nf4 13. c4
d6 14. a3 Bc8 15. b4 {[%tqu "En","Can you find the most dangerous attacking
continuation?","Sacrifice!","Use your bishop","c8h3","",15]} Bxh3 16. gxh3 Qd7
17. Ne1 Qxh3 18. Ndf3 {[%tqu "En","How do you continue the attack?","You need
to bring a rook to the attack!","Move your f pawn to make way for the rook!",
"f7f5","",12]} f5 19. Nh2 fxe4 20. dxe4 Rf6 21. f3 Raf8 22. Bc1 Rg6+ 23. Kh1
Nh5 24. Rg1 Ng3+ 25. Rxg3 Qxg3 26. Be3 Bg5 27. Bf2 Qh3 28. Qe2 Bf4 29. Bg1 Rff6
30. bxc5 {[%tqu "En","Can you find a move to force the win?","Get rid of a
defender!","Get rid of that bishop on g1!","g6g1","",12]} Rxg1+ 31. Kxg1 Rg6+
32. Ng4 Rxg4+ 33. fxg4 Be3+ 0-1

[Event "POL-ch"]
[Site "Warsaw"]
[Date "2004.04.30"]
[Round "7"]
[White "Macieja, Bartlomiej"]
[Black "Miton, Kamil"]
[Result "1-0"]
[WhiteElo "2633"]
[BlackElo "2563"]
[Annotator "Postny,E"]
[PlyCount "91"]
[EventDate "2004.04.24"]
[EventType "tourn"]
[EventRounds "13"]
[EventCountry "POL"]
[EventCategory "12"]
[SourceTitle "CBM 101"]
[Source "ChessBase"]
[SourceDate "2004.07.27"]
[SourceVersion "1"]
[SourceVersionDate "2004.07.27"]
[SourceQuality "1"]

1. e4 c5 2. Nf3 Nc6 3. Nc3 e5 4. Bc4 Be7 5. d3 d6 6. Nd2 {[%cal Yd2f1,Yf1e3,
Ye3d5,Ye3f5]} ({Another common line is} 6. O-O Nf6 7. Ng5 O-O 8. f4) 6... Bg5 (
{The main alternative is} 6... Nf6) 7. h4 {This aggressive move is the latest
fashion.} (7. Nf1 {--> 1/2-1/2 Sutovsky,E-Chuchelov,V/Istanbul 2003/CBM 96 
[Postny,E] (59)}) 7... Bxd2+ {Black can also refrain from this exchange by 7...
Bh6.} (7... Bh6 8. Qh5 (8. g4 $6 Bf4 9. Nd5 Nge7 10. Nxf4 exf4 11. Bb5 O-O 12.
Bxc6 Nxc6 13. Nb3 d5 $1 $36 {0-1 Kupreichik,V-Kramnik,V/Moscow 1994/CBM 45 (42)
}) 8... Qd7 (8... g6 9. Qd1 Nf6 10. h5 (10. Nf1 {--> 1-0 Kasparov,G-Sutovsky,E/
Tel Aviv 1998/CBM 65 [Kostakiev] (41)}) 10... Nd4 11. hxg6 hxg6 12. Nb3 {
--> 1-0 Shirov,A-Lautier,J/Salamanca 1998/EXT 99 [Stohl] (51)}) 9. Nd5 Rb8 10.
c3 b5 11. Bb3 Nce7 12. Ne3 c4 13. dxc4 Bxe3 14. fxe3 Nf6 15. Qf3 O-O $44 {
1/2-1/2 Leko,P-Kramnik,V/Monte Carlo MNC 2004/The Week in Chess 489 (35)}) 8.
Bxd2 {Pair of bishops is not really a factor in this position. In the
forthcoming struggle white will try to use his only trump, namely, the d5
stronghold.} Nf6 9. Nd5 (9. Bg5 h6 10. Bxf6 Qxf6 11. Nd5 Qd8 12. Ne3 Qf6 13. c3
Be6 14. Qe2 Rb8 15. a4 a6 16. g3 Ne7 17. O-O O-O 18. Qh5 Bh3 19. Rfd1 b5 {
1/2-1/2 Kasparov,G-Leko,P/Linares ESP 2004/The Week in Chess 486 (19)}) (9. O-O
Be6 (9... Bg4 10. f3 Be6 11. Nd5 O-O 12. f4 Ng4 13. g3 exf4 14. Nxf4 Bxc4 15.
Qxg4 Ne5 16. Qh5 Be6 17. Nxe6 fxe6 $11 {1/2-1/2 Shirov,A-Kramnik,V/Monte Carlo
MNC 2004/The Week in Chess 490 (40)}) 10. Nd5 O-O 11. f4 exf4 12. Bxf4 Ng4 13.
Bg5 Qd7 14. Qd2 f6 15. Bf4 Nge5 $11 {1/2-1/2 Morozevich,A-Leko,P/Monte Carlo
MNC 2004/The Week in Chess 489 (67)}) (9. a3 Be6 10. Nd5 Bxd5 11. exd5 Ne7 12.
Qf3 O-O 13. h5 $14 {1/2-1/2 Macieja,B-Krasenkow,M/New Delhi/Teheran 2000/CBM
80 (67)}) 9... Nxd5 10. Bxd5 O-O $146 (10... Be6 11. Bxe6 fxe6 12. Qh5+ Kd7 13.
O-O-O $14 {1/2-1/2 Fedorov,A-Krasenkow,M/Plovdiv 2003/CBM 98 no vc (37)}) (
10... Qe7 11. f4 exf4 12. Bxf4 Ne5 13. O-O Be6 14. Bxe6 Qxe6 15. h5 h6 16. c3
$14 {1-0 Shirov,A-Huzman,A/Belgrade 1999/CBM 69 (52)}) 11. c3 Qe8 $6 ({More
natural is} 11... Be6 {when white's advantage is only marginal.}) 12. f4 {
White starts the immediate actions in the centre, keeping an option for a long
castling as well.} exf4 13. Bxf4 Be6 $6 {A provocative move, but objectively
wrong. It seems that black has overestimated his chances.} ({Safer would have
been} 13... Qe7 $14) 14. Bxd6 $1 {Correctly accepting the challenge.} Bxd5 15.
Bxf8 Kxf8 16. Qh5 Be6 17. Qxc5+ (17. Qxh7 $6 Rd8 $132) 17... Kg8 18. O-O {
White's rook + two central pawns should be better here than black's two light
pieces.} f6 19. d4 {White's plan is simple: to push forward his central pawns.
On the other hand, it's much harder to find good plan for black.} b6 (19... Bf7
{seems to me slightly stronger.}) 20. Qb5 Na5 $2 {This is principally wrong.
After the exchange of queens white is nearly winning, since he has no more
worries about his kingside weaknesses and can simply move ahead his central
pawns.} (20... Bd7 $5) 21. Qxe8+ Rxe8 22. b3 {Black has very few chances to
organize a blockade of white's pawns.} Bf7 23. Rae1 Nc6 $6 {Wrong route for
the knight.} ({Black's last chance was to break white's pawns chain by} 23...
Bg6 24. Rf4 Nb7 {[%csl Re4][%cal Gb7d6]} 25. g4 Nd6 26. e5 fxe5 27. dxe5 Nb7 {
with chances for a draw.}) 24. g4 $1 h5 25. g5 fxg5 (25... Bg6 26. gxf6 Rxe4
27. Rxe4 Bxe4 28. fxg7 Kxg7 29. Re1 Bd5 30. c4 Nxd4 31. cxd5 Nf3+ 32. Kf2 Nxe1
33. Kxe1 Kf6 34. Kf2 $18) 26. hxg5 {[%csl Gd4,Ge4] After removing the Pf6,
nothing can stop white's pawns.} Bg6 27. e5 b5 28. e6 Ne7 (28... Rd8 29. e7 $1
Re8 30. d5 Nxe7 31. c4 $18 {[%csl Gc4,Gd5,Ge1,Gf1]}) 29. Re5 Rd8 30. Rd1 Rd6
31. d5 Kf8 32. c4 {White has three connected passed pawns!} bxc4 33. bxc4 Ke8
34. c5 Rd8 35. d6 Nc6 36. Re3 Bf5 37. g6 ({A quicker way for a win would have
been} 37. Rf1 g6 38. Rxf5 $1 gxf5 39. g6 $18) 37... Rb8 38. Rf1 Rb1 39. Rxb1
Bxb1 40. Rb3 Bxg6 (40... Bxa2 41. Rb7 Bxe6 42. Rxg7 $18) 41. Rb7 Bf5 42. Rc7
Nd8 43. e7 Nf7 44. Rxa7 Be4 45. Rc7 Bf5 46. Rb7 1-0

[Event "POL-ch 59th"]
[Site "Warsaw"]
[Date "2002.05.03"]
[Round "5"]
[White "Macieja, Bartlomiej"]
[Black "Bobras, Piotr"]
[Result "1-0"]
[WhiteElo "2584"]
[BlackElo "2435"]
[Annotator "Postny,E"]
[PlyCount "91"]
[EventDate "2002.04.29"]
[EventType "tourn"]
[EventRounds "13"]
[EventCountry "POL"]
[EventCategory "10"]
[SourceTitle "CBM 089"]
[Source "ChessBase"]
[SourceDate "2002.08.12"]
[SourceVersion "1"]
[SourceVersionDate "2002.08.12"]
[SourceQuality "1"]

1. e4 c5 2. Nc3 Nc6 3. Nf3 e5 4. Bc4 d6 5. d3 Be7 6. O-O {This move is less
popular, than the main 6.Nd2.} (6. Nd2 {[%csl Yd5,Yf5][%cal Yd2f1,Yf1e3,Ye3d5,
Ye3f5]}) 6... Nf6 (6... h6 {[%csl Yg5][%cal Yh6g5]} 7. h3 Nf6 8. a3 O-O 9. Rb1
a5 10. Be3 Be6 11. Nd5 Bxd5 12. exd5 Nb8 13. b4 axb4 14. axb4 b5 15. Bb3 cxb4
16. Nh4 Qd7 17. Qf3 Na6 18. Nf5 $14 {1/2-1/2 Movsesian,S-Babula,V/CZE 1997/EXT
98 (41)}) (6... Be6 {- see the game Volokitin,A-Kozul,Z/Vidmar mem Portoroz
2001/CBM 85 [Gershon]}) ({Also appears in practice} 6... Bg4) 7. Ng5 {The only
way to fight for the opening advantage.} O-O 8. f4 exf4 9. Bxf4 h6 10. Nf3 Be6
11. Nd5 Bxd5 12. exd5 {This is a rather rare recapture, since it's actually a
pawn sacrifice, however after this game white probably will pay more attention
to this move...} (12. Bxd5 Nxd5 13. exd5 Ne5 (13... Nb4 $6 14. c4 Bf6 15. Qd2
Re8 16. Kh1 a5 17. a3 Na6 18. g4 g5 19. Bg3 Bg7 20. h4 $14 {0-1 Sadvakasov,
D-Morozevich,A/Astana 2001/CBM 84 (48)}) 14. Qd2 Ng6 15. Bg3 Bf6 16. c4 Re8 17.
Rae1 Qd7 18. d4 cxd4 19. Nxd4 Rxe1 20. Rxe1 Be5 $11 {1/2-1/2 Al Modiahki,
M-Shariyazdanov,A/Dubai 2000/EXT 2001 (44)}) 12... Nb4 (12... Na5 13. Nh4 Nxc4
14. dxc4 Qd7 15. Bd2 Qg4 16. Nf5 Rfe8 17. Rf3 Kh7 18. Qf1 $16 {1-0 Kovalev,
A-Sveshnikov,E/Rowy 1999/EXT 2002 (52)}) 13. Bd2 Nbxd5 14. Nh4 Nc7 15. Nf5 {
[%csl Gf5]} d5 16. Bb3 {White has strong compensation for the P. The Nf5 is
very strong. Black has to concentrate his play against the Nf5, before white's
Q joines the attack...} Kh7 17. c3 $146 (17. Qf3 c4 18. Nxe7 Qxe7 (18... cxb3
$142 19. Nf5 bxc2) 19. Qf5+ Kh8 20. dxc4 $16 {1-0 Matikozian,A-Bekker Jensen,D/
Rimavska Sobota 1996/EXT 97 (28)}) 17... Ng8 {[%cal Ye7g5,Yg7g6]} 18. Qf3 Bg5
19. Be1 {Consequently continuing to play for the initiative, white avoides the
unfavourable exchange.} (19. Bxg5 $6 {only leads to an equality:} Qxg5 20. Bxd5
Nxd5 21. Qxd5 g6 22. h4 Qh5 23. Ne3 $11) 19... Ne7 ({Probably better was} 19...
g6 20. Bg3 $5 gxf5 21. Qxf5+ Kg7 22. Qe5+ Nf6 23. Qxc7 Qxc7 24. Bxc7 Rfe8 {
Black has reasonable chances to defend this position.}) 20. h4 Nxf5 21. Qxf5+ (
21. hxg5 $6 g6) 21... g6 22. Qh3 $1 Be7 23. h5 a5 {Probably black was intended
to transfer his queenside R via a6, but there is just no time for it.} (23...
Qc8 24. Qf3 $16) 24. Bd2 g5 {This move is necessary, but now black has real
problems on light squares.} (24... Bg5 25. hxg6+ Kxg6 26. Bf4 $5 $40) 25. d4 {
[%csl Gb3,Rh7][%cal Gb3c2,Gc2h7]} Qc8 26. Bc2+ Kg7 27. Qd3 f5 (27... Rh8 $4 {
[%tqu "En","Conclude the attack.","","","f1f7","",5]} 28. Rxf7+ $1 Kxf7 29.
Qg6+ Kf8 30. Rf1+) 28. Rae1 ({Also good for white is} 28. Qe3 {[%csl Rc5,Re7]}
Qd7 29. Bxf5 Rxf5 30. Rxf5 Qxf5 31. Qxe7+ Qf7 32. Qe5+ Kg8 33. Rf1 $18) 28...
Bd6 29. dxc5 $2 {This is already serious mistake, allowing black to get back
into the game.} ({Very strong was} 29. Qh3 $1 {and it doesn't seems, that
black can survive the attack.}) 29... Bxc5+ 30. Be3 Bxe3+ 31. Rxe3 Qd7 {
It's clear, that white spoiled a big part of the advantage.} 32. Re5 Rae8 33.
Rexf5 (33. Qd4 Rxe5 34. Qxe5+ Rf6 35. Rxf5 Qd6 $14) 33... Rxf5 34. Rxf5 Qe6 $2
{After a long and tough defense black finally makes a mistake.} (34... Re1+ $1
35. Kf2 Qe6) 35. Qd4+ Kg8 36. Rf6 $18 {Black is forced now to exchange QQ, and
the forthcoming endgame is easily won for white.} Qe1+ 37. Kh2 Qe5+ 38. Qxe5
Rxe5 39. Rxh6 {After being a pawn down for quite a long time, white has an
extra pawn now and his pieces are superbly coordinated.} Ne6 40. Rf6 Kg7 41.
Rg6+ Kh8 42. h6 Nf4 43. Rd6 Re8 44. Bf5 Kg8 45. Rd7 b5 46. g3 1-0

[Event "Poikovsky Karpov 11th"]
[Site "Poikovsky"]
[Date "2010.06.10"]
[Round "8"]
[White "Motylev, Alexander"]
[Black "Jakovenko, Dmitrij"]
[Result "0-1"]
[WhiteElo "2704"]
[BlackElo "2725"]
[Annotator "Postny,E"]
[PlyCount "50"]
[EventDate "2010.06.02"]
[EventType "tourn"]
[EventRounds "11"]
[EventCountry "RUS"]
[EventCategory "18"]
[SourceTitle "CBM 137"]
[Source "ChessBase"]
[SourceDate "2010.07.15"]
[SourceVersion "1"]
[SourceVersionDate "2010.07.15"]
[SourceQuality "1"]

1. e4 c5 2. Nf3 Nc6 3. Bb5 e6 4. Bxc6 bxc6 5. d3 Ne7 6. Qe2 d5 {Not the main
move, but with the best statistics for Black, so far. The only drawback of
this move is that it weakens the Pc5, which can no longer be protected by ...
d7-d6.} ({The main continuations are:} 6... Ng6) ({and} 6... Qc7 {keeping the
pawn on d7 for a while.}) 7. b3 (7. c4 $6 {Weakening the central d4 square
isn't recommended.} Ng6 8. g3 Bd6 9. h4 dxc4 10. dxc4 e5 11. Nbd2 Nf8 $15 {
[%csl Gd4][%cal Gf8e6,Ge6d4] 0-1 Alekseev,E (2711)-Radjabov,T (2751)/Dagomys
2008/CBM 124 (40)}) 7... f6 8. e5 Ng6 9. Bb2 Be7 {In this position Black's
pair of bishops is of little significance. A long-term manouevering battle is
expected.} 10. Nbd2 a5 11. a4 O-O (11... Nf4 $6 {is a punch in the air.} 12.
Qf1 {and after the forthcoming g2-g3 the knight will have to retreat.}) 12.
O-O-O f5 $1 {Correctly closing the centre. Now White's bishop is passive.} 13.
h4 Nh8 {The knight has nothing to do on g6 anyway.} (13... Nxh4 $2 14. Nxh4
Bxh4 15. Qh5 $40) 14. Ng5 $1 {It's recommended for White to exchange one pair
of knights, so that he will have more space for his kingside offensive.} Nf7 (
14... Bxg5 $2 {is too naive. After} 15. hxg5 Qxg5 16. Ba3 {White regains the
pawn and has the upper hand.}) 15. Nxf7 (15. Qh5 {isn't dangerous in view of}
Nh6 $1) 15... Rxf7 16. h5 Ba6 17. f4 (17. c4 $2 {would have been a glaring
mistake. After} Bg5 {[%csl Rb3,Yd2][%cal Ga8b8,Gf7b7] Black will eliminate the
knight and decide the outcome downr the b-file.}) 17... c4 $1 {This is the
only way to create counterplay, and goes in harmony with the well-known rule
which states that the side that has the bishop pair should strive to open up
the position.} 18. dxc4 Qb6 {It is important for Black to control the diagonal
a7-g1, so that White won't be able to comfortably execute the idea of Rh1-g1
followed by g2-g4.} 19. Rh3 Rb8 20. g4 $5 {Going for the sharpest. The same
idea with the inclusion of the moves 20. h6 g6 was an option as well.} (20. h6
g6 21. g4 dxc4 22. Nxc4 fxg4 23. Qxg4 Bxc4 24. f5 Rd8 25. Rxd8+ Bxd8 26. Kb1
Bd5 27. fxg6 Rf1+ 28. Ka2 Rg1 29. Rg3 Rxg3 30. Qxg3 Qa7 31. gxh7+ Kxh7 32. Qd3+
Kxh6 33. c4 Qh7 $11) 20... dxc4 (20... Bc5 $6 21. Qf3 $1 dxc4 (21... Rbf8 22.
Rg3 $14) 22. gxf5 cxb3 23. cxb3 exf5 (23... Rxf5 24. Ne4 $16 {[%cal Gh5h6,
Gh3g3,Gd1d7]}) 24. h6 Bd4 25. Bxd4 Qxd4 26. hxg7 $14) 21. Nxc4 fxg4 22. Qxg4
Bxc4 {No, White didn't lose a piece for nothing; things are far more
interesting than that.} 23. f5 Bd5 (23... Qb4 24. f6 (24. Qxc4 $6 Qxc4 25. bxc4
Rxf5 $15) 24... Bd5 (24... Ba6 25. Rd4 Qe1+ 26. Rd1 Qb4 27. Rd4 $11) 25. c4
Bxc4 26. Qxc4 Qxc4+ 27. bxc4 gxf6 28. Rg3+ Kh8 29. exf6 Bxf6 30. Bxf6+ Rxf6 31.
Rd6 $11) (23... Ba6 $2 24. fxe6 {Here White's attack is decisive.} Rff8 (24...
Rf2 25. Rg3 g6 26. hxg6 h6 27. Bd4 Ba3+ 28. Kb1 Be2 29. Qh4 $18) 25. Rg3 g6 26.
hxg6 h6 27. g7 Bg5+ 28. Kb1 Rf4 29. Qh5 Bc4 30. Rxg5 Bxb3 31. cxb3 Qxb3 32. Rg2
$18) 24. f6 Bc5 25. c4 $4 {Blackout. Motylev was definitely not in a good form
in this tournament.} (25. Rhd3 $1 Qb4 26. c4 Rfb7 27. Rc3 h6 28. Qh3 Bxc4 29.
Rxc4 Qxb3 30. Qxb3 Rxb3 31. Rxc5 Rxb2 {This endgame would end in a draw, which
would be a fair result for this game.}) 25... Be3+ {[%csl Rb3][%cal Gb6b3]} 0-1